| 000 | 01375namaa22003251i 4500 | ||
|---|---|---|---|
| 005 | 20260228122721.0 | ||
| 008 | 260214s1994 ua a|||fr|m|| 000 0 eng d | ||
| 040 |
_aEG-GICUC _beng _cEG-GICUC _dEG-GICUC _erda |
||
| 041 | 0 |
_aeng _beng _bara |
|
| 049 | _aDeposit | ||
| 097 | _aM.Sc | ||
| 099 | _aCai01.11.21.M.Sc.1994.Am.N | ||
| 100 | 0 |
_aAmgad Ahmed El-Agroudy, _epreparation. |
|
| 245 | 1 | 0 |
_aNeurological Adverse effects of neuroleptics / _cBy Amgad Ahmed El-Agroudy; Supervised Prof. Dr. Mohammed Talaat Sallam, Dr. Randa S . Deif, Dr. Iman A. El-Banhawy |
| 246 | 1 | 5 | _aالاثار العكسية العصيبة للمثبطات العصبية |
| 264 | 0 | _c1994. | |
| 300 |
_a200 Leaves : _billustrations ; _c30 cm. + |
||
| 336 |
_2rda content _atext |
||
| 337 |
_2rdamedia _aUnmediated |
||
| 338 |
_2rdacarrier _avolume |
||
| 502 | _aThesis (M.Sc.)-Cairo University, 1994 | ||
| 504 | _aBibliography: pages : 180 :200 | ||
| 653 | 0 | _aNeurological Adverse effects of neuroleptics | |
| 700 | 0 |
_aMohammed Talaat Sallam _ethesis advisor. |
|
| 700 | 0 |
_aRanda S . Deif _ethesis advisor. |
|
| 700 | 0 |
_aIman A. El-Banhawy _ethesis advisor. |
|
| 900 |
_DDepartment of Neurology _FFaculty of Medicine _UCairo University _b1994 _cMohammed Talaat Sallam _cRanda S . Deif _cIman A. El-Banhawy _dMohammed Talaat Sallam |
||
| 905 |
_aNagat _eNourhan |
||
| 942 |
_2ddc _cTH _e21 _n0 |
||
| 999 | _c178445 | ||